000 01049nam a2200241 a 4500
001 000018890
005 20200929165857.0
008 731009s1964 ve 000 p spa d
040 _aDO-SdBNP
_bspa
_cBNPHU
_dOCoLC
_dDLC
082 _aV861.44
_bL879s
100 1 _aLosada, Benito Raúl,
_d1923-
_932276
245 1 0 _aPoesías /
_cBenito Raúl Losada ; prólogo Oscar Sambrano Urdaneta.
260 _aCaracas :
_bMinisterio de Educación,
_bDirección de Cultura y Bellas Artes, Departamento de Publicaciones,
_c1964.
300 _axxxiii, 161 [12] p. ;
_c18 cm.
490 1 _aBiblioteca popular venezolana
_v94
505 0 _aCampanada hacia el alma -- Vitral humano -- Savía terrena -- Más allá del relámpago -- El antiguo sendero -- Ritual de la soledad -- Más allá del relampago.
650 4 _aPoesía venezolana
_94230
650 4 _aLiteratura venezolana
_ySIGLO XX
_99777
700 1 _aSambrano Urdaneta, Oscar
_epról.
_924202
830 0 _aBiblioteca popular venezolana ;
_v94
_94512
910 _aCatalogación original
049 _aBNGR
999 _c18408
_d18408